Archetypal criticism on Ernest Hemmingway / (Record no. 25336)

MARC details
000 -LEADER
fixed length control field 00828nam a22002177a 4500
008 - FIXED-LENGTH DATA ELEMENTS--GENERAL INFORMATION
fixed length control field 090318t xxu||||| |||| 00| 0 eng d
010 ## - LCCN (DPL NO)
LC control number ENG-93233
020 ## - INTERNATIONAL STANDARD BOOK NUMBER
Terms of availability 70.00
035 ## - SYSTEM CONTROL NUMBER
System control number EN-76766
037 ## - SOURCE OF ACQUISITION
Source of stock number/acquisition DBAD / PUB
040 ## - CATALOGING SOURCE
Original cataloging agency dpl
Language of cataloging English
082 ## - DEWEY DECIMAL CLASSIFICATION NUMBER
Classification number 883.08
100 ## - MAIN ENTRY--PERSONAL NAME
Personal name Senthil Kumaran, P.
245 ## - TITLE STATEMENT
Title Archetypal criticism on Ernest Hemmingway /
Statement of responsibility, etc by P. Senthil Kumaran
260 ## - PUBLICATION, DISTRIBUTION, ETC. (IMPRINT)
Date of publication, distribution, etc 2008
Place of publication, distribution, etc Salem
Name of publisher, distributor, etc M.S.K. Publications
300 ## - PHYSICAL DESCRIPTION
Extent 97p.
Dimensions 19cm (pbk)
500 ## - GENERAL NOTE
General note Includes bibliographical references
600 ## - SUBJECT ADDED ENTRY--PERSONAL NAME
Personal name Hemingway, Ernest, 1899-1961
General subdivision Criticism and interpretation.
942 ## - ADDED ENTRY ELEMENTS (KOHA)
Source of classification or shelving scheme Dewey Decimal Classification
Item type English Books
Call number suffix SEN
Classification part 883.08
Holdings
Withdrawn status Lost status Source of classification or shelving scheme Damaged status Not for loan Collection code Home library Current library Date acquired Source of acquisition Cost, normal purchase price Total Checkouts Full call number Barcode Date last seen Copy number Cost, replacement price Koha item type
    Dewey Decimal Classification   Not For Loan Non-fiction D.B.Act.Division D.B.Act.Division 18/03/2009 DBAD / PUB 70.00   883.08 SEN EN-76766 18/03/2009 1 70.00 English Books

© Delhi Public Library
Hit Counter
free hit counter